Stolice państw leżące najbliżej Londynu - Statystyki

Ogólne statystyki
  • Ten quiz został rozwiązany 7 001 razy
  • Średni wynik to 17 z 22
Statystyki odpowiedzi
km Stolica % Poprawnych
343 Paryż
97%
464 Dublin
96%
933 Berlin
95%
358 Amsterdam
93%
1265 Madryt
93%
321 Bruksela
92%
1155 Oslo
92%
957 Kopenhaga
85%
1435 Sztokholm
85%
1434 Rzym
84%
1236 Wiedeń
84%
490 Luksemburg
81%
1035 Praga
79%
747 Berno
76%
1008 Andora
65%
1289 Bratysława
65%
850 Vaduz
65%
1032 Monako
62%
1260 San Marino
59%
1432 Watykan
59%
1229 Lublana
52%
1339 Zagrzeb
52%
Nie znaleziono quizów pasujących do podanych kryteriów
Rozkład punktacji
Procent ludzi z każdym wynikiem
Percentyl według liczby udzielonych odpowiedzi
Twoja historia wyników
Nie rozwiązałeś tego quizu